Sieň slávy slovenskej atletiky: Bez východniarov by to nebola ona nechýbajú Mračnová, Kováč i ďalší. Plachý požiadal o vyradenie

Bibliographic Details
Main Author: Mezencev, Vladimír, 1944- (Author)
Format: Article
Language:Slovak
PhysicalDescription:Fotografie
ISSN:2585-7355
Subjects:
Online Access:https://kosice.korzar.sme.sk/c/22399235/sien-slavy-slovenskej-atletiky-bez-vychodniarov-by-to-nebola-ona.html

MARC

LEADER 00000nab a2200000u 4500
001 vtls011989632
003 SK-MaSNL
005 20260303193422.0
008 200827|20200507xo ||||||| || ||slo|
038 |a KEVKJB 
040 |a KEVKJB  |b slo  |e rda 
041 0 |a slo 
043 |a e-xo--- 
044 |a xo  |c SK 
072 7 |a 796  |x Šport. Hry. Telesné cvičenia  |2 konspekt 
080 |a 796/799  |2 2011 
100 1 |a Mezencev, Vladimír,  |d 1944-  |4 aut  |9 234134 
245 1 0 |a Sieň slávy slovenskej atletiky: Bez východniarov by to nebola ona  |b nechýbajú Mračnová, Kováč i ďalší. Plachý požiadal o vyradenie  |c Vladimír Mezencev 
300 |b Fotografie 
336 |a text  |b txt  |2 rdacontent 
337 |a bez média  |b n  |2 rdamedia 
338 |a zväzok  |b nc  |2 rdacarrier 
610 2 7 |a Sieň slávy slovenskej atletiky  |2 kevkjb  |9 1091965 
650 0 7 |a siene slávy  |2 kevkjb  |9 568680 
650 0 7 |a ľadový hokej  |2 kevkjb  |9 3231 
650 0 7 |a atletika  |2 kevkjb  |9 3279 
650 0 7 |a šport  |2 SNKPH  |9 1042 
651 7 |a Košice (Slovensko)  |2 SNKPHgeo  |9 18694 
773 0 |t Korzár  |g Roč. XXIII., č. 105 (7.5.2020), s. 15  |x 2585-7355 
852 |a KEVKJB  |b KIS3GCP 
856 4 1 |u https://kosice.korzar.sme.sk/c/22399235/sien-slavy-slovenskej-atletiky-bez-vychodniarov-by-to-nebola-ona.html 
999 |c 2152321  |d 2154251